[Event "bosnjaci18"]
[Site "Bosnjaci"]
[Date "2018.01.04"]
[Round "3.6"]
[White "Boban, Sten"]
[Black "Muha, Miljenko"]
[Result "1/2-1/2"]
[WhiteElo "2083"]
[BlackElo "2371"]
[PlyCount "98"]
[EventDate "2018.??.??"]

1. d4 Nf6 2. Nf3 g6 3. g3 Bg7 4. Bg2 O-O 5. O-O d5 6. c4 dxc4 7. Na3 c3 8. bxc3
c5 9. Ne5 Nfd7 10. Nac4 Nxe5 11. Nxe5 Nd7 12. f4 Nxe5 13. fxe5 Qa5 14. Bg5 Qxc3
15. Bxe7 Re8 16. Bxc5 Bxe5 17. Rf3 Qa5 18. Qe1 Qxe1+ 19. Rxe1 Bg7 20. Rb3 Rb8
21. e3 Bf8 22. Bc6 Rd8 23. Reb1 b6 24. a4 Be6 25. Rb4 Rbc8 26. Bxf8 Rxc6 27.
Bh6 Bf5 28. Rd1 Rd5 29. Rd2 Be4 30. Rb5 f6 31. Kf2 g5 32. h4 Kf7 33. Ke2 Kg6
34. hxg5 fxg5 35. Bf8 Kf5 36. Bg7 Rc3 37. Rdb2 Bd3+ 38. Kd2 Bxb5 39. Kxc3 Bxa4
40. Be5 h5 41. Rh2 Be8 42. Rf2+ Ke4 43. Rf8 Bb5 44. Rg8 Kxe3 45. Rxg5 Be2 46.
Rg7 a5 47. Bc7 Rb5 48. Rg6 a4 49. Rxb6 Rxb6 1/2-1/2

[Event "bosnjaci18"]
[Site "Bosnjaci"]
[Date "2018.01.04"]
[Round "3.7"]
[White "Sertic, Rudolf"]
[Black "Tomas, Ante"]
[Result "1-0"]
[WhiteElo "2365"]
[BlackElo "2124"]
[PlyCount "66"]
[EventDate "2018.??.??"]

1. c4 e5 2. g3 Nc6 3. Bg2 f5 4. Nc3 Nf6 5. d3 g6 6. Bg5 Bg7 7. e3 h6 8. Bxf6
Qxf6 9. Nge2 O-O 10. O-O d6 11. Rb1 g5 12. Nd5 Qd8 13. Nec3 Ne7 14. b4 c6 15.
Nxe7+ Qxe7 16. b5 e4 17. Qc2 Be6 18. bxc6 bxc6 19. dxe4 fxe4 20. Bxe4 Bxc4 21.
Bxc6 Bxf1 22. Bxa8 Bh3 23. Bh1 Kh8 24. Nd5 Qf7 25. Qd2 Rc8 26. Be4 Re8 27. Qd3
Rf8 28. f3 h5 29. Rc1 Bf5 30. Kg2 Bc8 31. Rc7 Qe6 32. Ne7 Qxa2+ 33. Rc2 Qa1 1-0

[Event "bosnjaci18"]
[Site "Bosnjaci"]
[Date "2018.01.04"]
[Round "3.8"]
[White "Vukovic, Ivo"]
[Black "Mrkonjic, Nenad"]
[Result "1/2-1/2"]
[WhiteElo "2034"]
[BlackElo "2345"]
[PlyCount "106"]
[EventDate "2018.??.??"]

1. Nf3 d5 2. c4 c6 3. b3 Bf5 4. Bb2 e6 5. g3 h6 6. Bg2 Nf6 7. O-O Be7 8. d3 O-O
9. Nbd2 Nbd7 10. Rc1 Qa5 11. a3 Rfc8 12. Qc2 Qd8 13. Qb1 a5 14. Qa1 Bg6 15.
Rfe1 Bh7 16. Ne5 Nxe5 17. Bxe5 Qf8 18. Bb2 Nd7 19. Rc2 Bg6 20. Nf3 Nc5 21. cxd5
cxd5 22. Qa2 a4 23. b4 Nb3 24. Rxc8 Rxc8 25. Nd4 Nxd4 26. Bxd4 Qd8 27. Qa1 f6
28. Rc1 Bf7 29. Rxc8 Qxc8 30. Qc3 Qd7 31. Be3 e5 32. d4 e4 33. Bd2 g5 34. Qc1
Bd6 35. e3 Bh5 36. h3 Kg7 37. Qc2 Kf8 38. Bf1 Bf7 39. b5 Bxa3 40. Qxa4 Bd6 41.
Bb4 Kg7 42. Bxd6 Qxd6 43. Qa7 b6 44. Qb7 f5 45. Qc6 Qe6 46. Be2 Kf6 47. Qxe6+
Bxe6 48. Kh2 Bd7 49. h4 Be8 50. Kg2 Kg6 51. Kh2 Kf6 52. Kg2 Bd7 53. Kh2 Be8
1/2-1/2

[Event "bosnjaci18"]
[Site "Bosnjaci"]
[Date "2018.01.04"]
[Round "3.9"]
[White "Ascic, Pero"]
[Black "Mahmutbegovic, Muharem"]
[Result "1-0"]
[WhiteElo "2323"]
[BlackElo "2033"]
[PlyCount "115"]
[EventDate "2018.??.??"]

1. e4 c5 2. Nf3 d6 3. c3 e5 4. d4 cxd4 5. cxd4 Nc6 6. d5 Nce7 7. Nc3 Ng6 8. h4
h5 9. g3 Nf6 10. Be2 Be7 11. Nh2 Bh3 12. Bg5 Qb6 13. Rb1 a6 14. Nf1 Bg4 15. Ne3
Bxe2 16. Qxe2 Nd7 17. Nc4 Qc7 18. Be3 b5 19. Nd2 Bd8 20. O-O Qb7 21. Rfc1 Bb6
22. Nd1 Ne7 23. a4 Bxe3 24. Nxe3 g6 25. Nb3 Qb6 26. a5 Qb7 27. Rc2 O-O 28. Rbc1
Rac8 29. g4 Nf6 30. Qf3 Nxg4 31. Nxg4 hxg4 32. Qxg4 Rxc2 33. Rxc2 Rc8 34. Rxc8+
Qxc8 35. Qxc8+ Nxc8 36. Na1 f5 37. f3 Kg7 38. Nc2 Kh6 39. Kg2 g5 40. hxg5+ Kxg5
41. Kg3 Ne7 42. Nb4 Ng8 43. Nxa6 Nf6 44. Nc7 fxe4 45. fxe4 Nxe4+ 46. Kf3 Nd2+
47. Ke2 Nc4 48. a6 Nb6 49. a7 Kf4 50. Nxb5 Ke4 51. Nc7 Kd4 52. Kd2 Kc4 53. Ke3
Kb3 54. a8=Q Nxa8 55. Nxa8 Kxb2 56. Ke4 Kc3 57. Nb6 Kb4 58. Nd7 1-0

[Event "bosnjaci18"]
[Site "Bosnjaci"]
[Date "2018.01.04"]
[Round "3.10"]
[White "Mutapcic, Ilija"]
[Black "Cabarkapa, Novak"]
[Result "0-1"]
[WhiteElo "1824"]
[BlackElo "2441"]
[PlyCount "60"]
[EventDate "2018.??.??"]

1. d4 g6 2. Nf3 Bg7 3. g3 d6 4. Bg2 Nd7 5. O-O e5 6. dxe5 dxe5 7. c3 Nh6 8.
Bxh6 Bxh6 9. Qd5 Qe7 10. Na3 c6 11. Qd1 Nb6 12. e4 f6 13. c4 Be6 14. Qc2 Qc5
15. Nd2 Bxd2 16. Qxd2 Nxc4 17. Nxc4 Qxc4 18. Rfc1 Qd4 19. Qh6 Qd7 20. Rd1 Qe7
21. Rd2 Qf8 22. Qe3 Qg7 23. Qc5 Qe7 24. Rd6 Kf7 25. Rad1 Rhd8 26. b4 b6 27.
Qxc6 Rac8 28. Qxc8 Rxc8 29. Bf1 Rc7 30. Bb5 Rc1 0-1

[Event "bosnjaci18"]
[Site "Bosnjaci"]
[Date "2018.01.04"]
[Round "3.11"]
[White "Klasan, Vladimir"]
[Black "Bogdanic, Katarina"]
[Result "1-0"]
[WhiteElo "2389"]
[BlackElo "1917"]
[PlyCount "71"]
[EventDate "2018.??.??"]

1. e4 c5 2. Nc3 g6 3. Nf3 Bg7 4. d4 cxd4 5. Nxd4 Nc6 6. Nde2 d6 7. g3 Nf6 8.
Bg2 O-O 9. O-O Bg4 10. h3 Bd7 11. Be3 Qc8 12. Kh2 Ne5 13. Rb1 b5 14. Nd5 Nxd5
15. exd5 Bf5 16. Nd4 Bd7 17. b3 f5 18. f4 Nf7 19. Qd3 Rb8 20. Rfe1 Re8 21. Rbc1
b4 22. c4 Qa6 23. Rc2 Nd8 24. Bf2 Bf6 25. Rce2 Qc8 26. Nf3 Bc3 27. Rc1 a5 28.
Rxc3 bxc3 29. Qxc3 a4 30. Bd4 Nf7 31. Ng5 e5 32. dxe6 Bxe6 33. Rxe6 Rxe6 34.
Bh8 Qf8 35. Nxe6 Qh6 36. Bg7 1-0

[Event "bosnjaci18"]
[Site "Bosnjaci"]
[Date "2018.01.04"]
[Round "3.12"]
[White "Duda, Daniel"]
[Black "Petrusic, Toni"]
[Result "1/2-1/2"]
[WhiteElo "1997"]
[BlackElo "2278"]
[PlyCount "38"]
[EventDate "2018.??.??"]

1. d4 Nf6 2. c4 c5 3. d5 e5 4. Nc3 d6 5. e4 Nbd7 6. Nf3 Be7 7. Be2 O-O 8. O-O
Ne8 9. Qc2 g6 10. Bh6 Ng7 11. Bd3 Nf6 12. a3 a6 13. b4 b6 14. Rfb1 Ng4 15. Bxg7
Kxg7 16. bxc5 bxc5 17. Rb2 Ra7 18. Rab1 f5 19. Na4 f4 1/2-1/2

[Event "bosnjaci18"]
[Site "Bosnjaci"]
[Date "2018.01.04"]
[Round "3.13"]
[White "Popovic, Milan S"]
[Black "Kolanovic, Kazimir"]
[Result "1-0"]
[WhiteElo "2264"]
[BlackElo "1871"]
[PlyCount "79"]
[EventDate "2018.??.??"]

1. e4 d6 2. Nc3 Nf6 3. d4 g6 4. f4 Bg7 5. Nf3 O-O 6. e5 Ne8 7. Be3 c6 8. Qd2 a5
9. h4 h5 10. Bd3 Na6 11. f5 Bxf5 12. Bxf5 gxf5 13. Bh6 e6 14. Bxg7 Kxg7 15. Rh3
Rh8 16. Rg3+ Kf8 17. Qf2 Nb4 18. O-O-O Nd5 19. Nxd5 cxd5 20. Ng5 Rc8 21. Rdd3
b5 22. Rc3 b4 23. Rxc8 Qxc8 24. Qf4 Qc7 25. a3 dxe5 26. dxe5 Qc4 27. Qf2 Ke7
28. axb4 axb4 29. b3 Qc6 30. Qd4 f6 31. Qxb4+ Kd7 32. Nf3 Qc7 33. Qa4+ Qc6 34.
Qa7+ Qc7 35. Qd4 Rf8 36. Rg6 fxe5 37. Nxe5+ Ke7 38. Qb4+ Qd6 39. Qb7+ Qc7 40.
Rg7+ 1-0

[Event "bosnjaci18"]
[Site "Bosnjaci"]
[Date "2018.01.04"]
[Round "3.14"]
[White "Karabaic, Ivan"]
[Black "Blazeka, Djuro"]
[Result "1-0"]
[WhiteElo "2182"]
[BlackElo "1847"]
[PlyCount "55"]
[EventDate "2018.??.??"]

1. Nf3 Nf6 2. g3 e6 3. Bg2 d5 4. O-O Be7 5. b3 O-O 6. Bb2 c5 7. d3 Nc6 8. Nbd2
d4 9. e4 e5 10. h3 Re8 11. Ne1 Be6 12. Bc1 Nd7 13. f4 f6 14. Ndf3 b5 15. a4 a6
16. Nh4 g6 17. f5 Bf7 18. fxg6 hxg6 19. Qg4 Nf8 20. Nf5 Qd7 21. Nh6+ Kg7 22.
Nf5+ Kg8 23. Nf3 b4 24. N3h4 Rad8 25. Nh6+ Kg7 26. N4f5+ Kh7 27. Nxf7 gxf5 28.
Rxf5 1-0

[Event "bosnjaci18"]
[Site "Bosnjaci"]
[Date "2018.01.04"]
[Round "3.15"]
[White "Ascic, Anto"]
[Black "Mikic, Ivana"]
[Result "1-0"]
[WhiteElo "2122"]
[BlackElo "1681"]
[PlyCount "31"]
[EventDate "2018.??.??"]

1. d4 Nf6 2. Nf3 e6 3. c4 b6 4. g3 Bb7 5. Bg2 c5 6. O-O Be7 7. Nc3 d5 8. Ne5
cxd4 9. Qxd4 Nc6 10. Nxc6 Bxc6 11. cxd5 Bc5 12. Qe5 Bd6 13. Qg5 Bxd5 14. Nxd5
Nxd5 15. Qxg7 Rf8 16. Qxh7 1-0

[Event "bosnjaci18"]
[Site "Bosnjaci"]
[Date "2018.01.04"]
[Round "3.16"]
[White "Mican, Mato"]
[Black "Nikic, Patrick"]
[Result "0-1"]
[WhiteElo "1938"]
[BlackElo "1989"]
[PlyCount "68"]
[EventDate "2018.??.??"]

1. e4 c5 2. Nc3 d6 3. f4 g6 4. Nf3 Bg7 5. Bb5+ Bd7 6. Bxd7+ Qxd7 7. d3 Nh6 8.
O-O Nc6 9. Qe1 O-O 10. h3 f5 11. e5 dxe5 12. Nxe5 Nxe5 13. fxe5 e6 14. Be3 b6
15. d4 cxd4 16. Rd1 Nf7 17. Bxd4 Qc6 18. Qe2 Rfd8 19. Rd3 b5 20. Nd1 Nxe5 21.
Bxe5 Qc5+ 22. Kh1 Qxe5 23. Re3 Qd5 24. Rxe6 Qxa2 25. Re7 Qc4 26. Qe1 Bf6 27.
Rb7 Qc6 28. Re7 Rxd1 29. Qxd1 Bxe7 30. c3 Rd8 31. Qe2 Qc4 32. Qf3 Qe4 33. Qf2
Rd3 34. Re1 Bc5 0-1

[Event "bosnjaci18"]
[Site "Bosnjaci"]
[Date "2018.01.04"]
[Round "3.17"]
[White "Macanga, Branko"]
[Black "Ivekovic, Tihana"]
[Result "0-1"]
[WhiteElo "1844"]
[BlackElo "2161"]
[PlyCount "82"]
[EventDate "2018.??.??"]

1. Nf3 d5 2. c4 e6 3. g3 Nf6 4. Bg2 Be7 5. O-O O-O 6. d4 dxc4 7. Ne5 Nc6 8.
Nxc6 bxc6 9. Bxc6 Rb8 10. Nc3 Nd5 11. Qa4 Nb4 12. Bg2 a6 13. a3 Bd7 14. Qd1 Nc6
15. e4 Na5 16. Rb1 Rb3 17. Bf4 Bxa3 18. Qc2 Be7 19. e5 Bc6 20. Rfd1 Bxg2 21.
Kxg2 Bb4 22. d5 Bxc3 23. bxc3 Rxb1 24. Qxb1 exd5 25. Qf5 c6 26. h4 Qc8 27. Qg5
Nb3 28. Bc1 Qe6 29. h5 h6 30. Qf4 Re8 31. Re1 Nc5 32. Qd2 Nd3 33. Re3 Qg4 34.
Rxd3 cxd3 35. Qxd3 Rxe5 36. Be3 Qe4+ 37. Qxe4 Rxe4 38. Kf3 a5 39. Ke2 a4 40.
Kd3 a3 41. Bc1 a2 0-1

[Event "bosnjaci18"]
[Site "Bosnjaci"]
[Date "2018.01.04"]
[Round "3.18"]
[White "Blagojevic, Marijan"]
[Black "Turicar, Goran"]
[Result "1-0"]
[WhiteElo "2145"]
[BlackElo "1832"]
[PlyCount "93"]
[EventDate "2018.??.??"]

1. d4 d5 2. c4 e6 3. Nc3 Nf6 4. Nf3 c6 5. Qc2 Nbd7 6. cxd5 exd5 7. Bf4 Be7 8.
h3 O-O 9. e3 Ne4 10. Bd3 f5 11. g4 Ndf6 12. gxf5 Bxf5 13. Ne5 Nh5 14. Bh2 Bh4
15. Nxe4 Bxe4 16. Rf1 Qa5+ 17. Ke2 Nf6 18. f3 Bxd3+ 19. Qxd3 Qd8 20. Rg1 Nd7
21. Rg4 Nxe5 22. dxe5 Qe7 23. Rag1 g6 24. Qd4 Qf7 25. Rf4 c5 26. Qd2 Qe7 27.
Qxd5+ Kg7 28. Qd6 Rxf4 29. Bxf4 Rd8 30. Qxe7+ Bxe7 31. Rd1 Rxd1 32. Kxd1 Kf7
33. Kd2 Ke6 34. Kd3 b5 35. b3 a6 36. Ke4 Bh4 37. Bh2 Bf2 38. Bf4 Bh4 39. Kd3 h5
40. e4 Bf2 41. Be3 c4+ 42. bxc4 bxc4+ 43. Kd4 Bxe3+ 44. Kxe3 Kxe5 45. f4+ Kf6
46. h4 Ke6 47. Kd4 1-0

[Event "bosnjaci18"]
[Site "Bosnjaci"]
[Date "2018.01.04"]
[Round "3.19"]
[White "Draskic, Skender"]
[Black "Jelecevic, Ivo"]
[Result "0-1"]
[WhiteElo "1799"]
[BlackElo "2102"]
[PlyCount "60"]
[EventDate "2018.??.??"]

1. e4 c5 2. Nc3 a6 3. Nf3 e6 4. a3 b5 5. Na2 Bb7 6. d3 Nc6 7. Bd2 Nf6 8. Be2 d5
9. exd5 exd5 10. O-O Be7 11. Nh4 g6 12. Bh6 Qd7 13. c3 O-O-O 14. Bg7 Kb8 15.
Bxh8 Rxh8 16. Nf3 Bd6 17. b4 c4 18. a4 Rd8 19. axb5 axb5 20. h3 Nh5 21. dxc4
dxc4 22. Nd4 Nxd4 23. Qxd4 Nf4 24. Bg4 f5 25. g3 fxg4 26. gxf4 g3 27. f5 Qxf5
28. Qh4 g5 29. Qg4 Qd5 30. f3 Qd2 0-1

[Event "bosnjaci18"]
[Site "Bosnjaci"]
[Date "2018.01.04"]
[Round "3.20"]
[White "Caric, Mato"]
[Black "Luketic, Ivan"]
[Result "1-0"]
[WhiteElo "2075"]
[BlackElo "1820"]
[PlyCount "93"]
[EventDate "2018.??.??"]

1. e4 c5 2. Nf3 d6 3. d4 Nf6 4. Nc3 b6 5. dxc5 bxc5 6. e5 Nfd7 7. exd6 exd6 8.
Bb5 a6 9. Ba4 Bb7 10. O-O Be7 11. Bf4 O-O 12. Nd5 Bxd5 13. Qxd5 Nb6 14. Qb7 Bf6
15. Rad1 Nxa4 16. Qxa8 Nxb2 17. Rxd6 Qc8 18. Rb1 Qf5 19. g3 Qxc2 20. Rc1 Qa4
21. Qd5 c4 22. Rb6 Nd3 23. Qxc4 Qxc4 24. Rxc4 Nd7 25. Rxa6 Nxf4 26. Rxf4 Nc5
27. Ra7 h6 28. Rc4 Ne6 29. a4 Rd8 30. Rc2 Bd4 31. Nxd4 Nxd4 32. Rcc7 Rf8 33.
Rd7 Nf3+ 34. Kg2 Ne5 35. Rd5 Re8 36. a5 Nc6 37. Rc7 Nxa5 38. Rxa5 g6 39. Raa7
Rf8 40. h4 Kg7 41. g4 Kg8 42. Kg3 Kg7 43. Kf4 Kg8 44. h5 Kg7 45. Rab7 Kg8 46.
hxg6 fxg6+ 47. Kg3 1-0

[Event "bosnjaci18"]
[Site "Bosnjaci"]
[Date "2018.01.04"]
[Round "3.21"]
[White "Antolovic, Pero"]
[Black "Petricevic, Ivan"]
[Result "0-1"]
[WhiteElo "1777"]
[BlackElo "2025"]
[PlyCount "94"]
[EventDate "2018.??.??"]

1. f4 e5 2. e3 Nc6 3. Bc4 d5 4. Bb5 Bd6 5. d4 exf4 6. exf4 Nf6 7. Nf3 O-O 8.
O-O Ne7 9. Bd3 Nf5 10. c3 Ng4 11. Bxf5 Bxf5 12. Ne5 Qh4 13. h3 Nf6 14. Nd2 Ne4
15. Nxe4 Bxe4 16. Qg4 Qe7 17. Bd2 f5 18. Qe2 Rf6 19. Rf2 c6 20. a3 a5 21. b4
axb4 22. cxb4 Bc2 23. Rf3 Ba4 24. Rc1 Bb5 25. Qf2 Rff8 26. Rg3 Bc7 27. h4 Rf6
28. Re1 Qd6 29. Bc1 Rh6 30. Rg5 Bd8 31. Rxf5 Bf6 32. Ng4 Bxh4 33. g3 Rg6 34.
Qe3 Qd7 35. Ne5 Qxf5 36. Nxg6 Qxg6 37. Kf2 Bf6 38. Kf3 Qd3 39. Bb2 Kf7 40. g4
Re8 41. Qxd3 Bxd3 42. Re3 Rxe3+ 43. Kxe3 Be4 44. Bc3 h6 45. Be1 g6 46. a4 Bc2
47. a5 Bd1 0-1

[Event "bosnjaci18"]
[Site "Bosnjaci"]
[Date "2018.01.04"]
[Round "3.22"]
[White "Lombarovic, Marko"]
[Black "Zlatarevic, Ivan"]
[Result "0-1"]
[WhiteElo "1770"]
[BlackElo "2025"]
[PlyCount "72"]
[EventDate "2018.??.??"]

1. e4 e5 2. Nf3 Nc6 3. Bc4 Bc5 4. c3 Nf6 5. O-O Nxe4 6. d4 exd4 7. cxd4 Be7 8.
Re1 d5 9. Bb5 O-O 10. Bxc6 bxc6 11. Ne5 Bb7 12. f3 Nf6 13. Qc2 Qd6 14. Bd2 c5
15. Be3 cxd4 16. Bxd4 c5 17. Bf2 Qc7 18. Bg3 Bd6 19. Nc3 a6 20. Rac1 Nh5 21. f4
Nxg3 22. hxg3 f6 23. Ng4 Rae8 24. Na4 Qd7 25. Ne3 c4 26. Nb6 Qc6 27. Na4 Bb4
28. Re2 Re7 29. b3 Rfe8 30. a3 Bxa3 31. Rce1 Bb4 32. Nf5 Rxe2 33. Rxe2 Rxe2 34.
Qxe2 Qd7 35. g4 cxb3 36. Nb6 Bc5+ 0-1

[Event "bosnjaci18"]
[Site "Bosnjaci"]
[Date "2018.01.04"]
[Round "3.23"]
[White "Samblic, Silvano"]
[Black "Dejanovic, Tereza"]
[Result "0-1"]
[WhiteElo "2015"]
[BlackElo "1779"]
[PlyCount "126"]
[EventDate "2018.??.??"]

1. e4 c5 2. Nc3 d6 3. d3 Nc6 4. g3 g6 5. Be3 Bg7 6. Qd2 e5 7. Bg2 Nge7 8. Nge2
Nd4 9. O-O O-O 10. f4 Bg4 11. fxe5 dxe5 12. h3 Be6 13. b3 Qd7 14. Kh2 f5 15.
Rae1 Rad8 16. Ng1 b5 17. Bg5 c4 18. Nd5 Bxd5 19. exd5 cxd3 20. c3 Nc2 21. Rc1
e4 22. c4 bxc4 23. bxc4 Rc8 24. Rxc2 dxc2 25. Qb4 Nxd5 26. cxd5 Qxd5 27. Qa3
Qd3 28. Qxa7 Be5 29. Qe3 Qxe3 30. Bxe3 Rc3 31. Bh6 Rd8 32. Ne2 Ra3 33. Kh1 Rd1
34. Kh2 Bb2 35. g4 Rxf1 36. Bxf1 e3 37. Bf4 Rd3 38. Kg3 Rd1 39. Kg2 c1=Q 40.
Nxc1 Bxc1 41. Bc4+ Kf8 42. Bh6+ Ke7 43. Kf3 Rd4 44. Be2 Ra4 45. Bg5+ Kd6 46.
Bf4+ Kc6 47. gxf5 gxf5 48. Bg3 Rxa2 49. Bd3 Ra5 50. Bf4 Ra4 51. Bg5 Kd5 52. Bf6
h5 53. Bg7 f4 54. Bh6 Bb2 55. Bxf4 Kd4 56. Bc2 Ra3 57. h4 Bc1 58. Bg5 Kc3 59.
Bg6 e2 60. Kxe2 Bxg5 61. hxg5 h4 62. Be4 Kd4 63. Bf5 Rg3 0-1

[Event "bosnjaci18"]
[Site "Bosnjaci"]
[Date "2018.01.04"]
[Round "3.24"]
[White "Zivkovic, Zvonimir"]
[Black "Pasalic, Adnan"]
[Result "1/2-1/2"]
[WhiteElo "1749"]
[BlackElo "2009"]
[PlyCount "88"]
[EventDate "2018.??.??"]

1. d4 e6 2. c4 d5 3. Nf3 Nf6 4. Bf4 c5 5. e3 Nc6 6. Nc3 a6 7. cxd5 exd5 8. dxc5
Bxc5 9. Rc1 Be7 10. Be2 O-O 11. O-O h6 12. Qb3 Na5 13. Qc2 Bd6 14. Ne5 Qe7 15.
Nd3 Bf5 16. Bxd6 Qxd6 17. Rfd1 d4 18. Qa4 dxc3 19. Qxa5 Bxd3 20. Qxc3 Qe6 21.
Rxd3 Rac8 22. Qd2 Rxc1+ 23. Qxc1 Qxa2 24. h3 Qa5 25. Bf3 Qb4 26. Qc2 b5 27. Rb3
Qe1+ 28. Kh2 Rd8 29. Qc6 Qxf2 30. Qxa6 b4 31. Qc6 h5 32. Qc7 Re8 33. Rxb4 Rxe3
34. Rb8+ Kh7 35. Qg3 Qxg3+ 36. Kxg3 g5 37. Kf2 Re5 38. g4 hxg4 39. hxg4 Kg6 40.
b4 Nd5 41. b5 f5 42. b6 Nxb6 43. Rxb6+ Kg7 44. Rb7+ Kf6 1/2-1/2

[Event "bosnjaci18"]
[Site "Bosnjaci"]
[Date "2018.01.05"]
[Round "4.1"]
[White "Radovanovic, Nikola"]
[Black "Jovanovic, Zoran"]
[Result "1/2-1/2"]
[WhiteElo "2441"]
[BlackElo "2535"]
[PlyCount "25"]
[EventDate "2018.??.??"]

1. d4 d6 2. e4 Nf6 3. Nc3 e5 4. Nf3 Nbd7 5. Bc4 Be7 6. a4 O-O 7. O-O c6 8. h3
exd4 9. Qxd4 Nc5 10. Bf4 Ncxe4 11. Nxe4 d5 12. Nxf6+ Bxf6 13. Be5 1/2-1/2

[Event "bosnjaci18"]
[Site "Bosnjaci"]
[Date "2018.01.05"]
[Round "4.2"]
[White "Kovacevic, Blazimir"]
[Black "Sertic, Rudolf"]
[Result "1-0"]
[WhiteElo "2486"]
[BlackElo "2365"]
[PlyCount "142"]
[EventDate "2018.??.??"]

1. Nf3 d5 2. g3 Nf6 3. Bg2 e6 4. O-O Be7 5. c4 O-O 6. d4 c6 7. Nc3 Nbd7 8. Nd2
b5 9. cxd5 cxd5 10. Nxb5 Qb6 11. Nc3 Qxd4 12. e4 Bb7 13. Nb3 Qxd1 14. Rxd1 dxe4
15. Nxe4 Bd5 16. Bg5 Nb6 17. Bxf6 Bxf6 18. Nxf6+ gxf6 19. Na5 Rac8 20. Bxd5
Nxd5 21. Rac1 f5 22. a3 f4 23. Kg2 Kg7 24. Kf3 fxg3 25. hxg3 Rb8 26. b4 Rfc8
27. Rc6 Ne7 28. Rcd6 Rc3+ 29. R1d3 Rbc8 30. R6d4 Nd5 31. Nb7 Rc2 32. Kg2 Ra2
33. Rf3 Rc3 34. Rxc3 Nxc3 35. Nd8 Rxa3 36. Rd7 Kg6 37. Nxf7 Nd5 38. Ne5+ Kf6
39. Nc6 Rc3 40. Nxa7 Nxb4 41. Rxh7 Rc5 42. Rb7 Nd3 43. Rb3 Nc1 44. Rb2 Nd3 45.
Rd2 Ne5 46. Rb2 Nd3 47. Rd2 Ne5 48. Re2 Nc6 49. Nxc6 Rxc6 50. f4 Rc8 51. Kf3
Rh8 52. Ra2 Rh1 53. Kg4 Rf1 54. Re2 Rh1 55. Rf2 Ra1 56. Rh2 Kg6 57. Re2 Kf6 58.
Kf3 Rh1 59. g4 Rh3+ 60. Ke4 Ra3 61. Rd2 Ra1 62. Rd3 Ra4+ 63. Kf3 Rb4 64. Re3
Ra4 65. Rb3 Rc4 66. g5+ Kg6 67. Rb6 Kf5 68. Rb5+ Kg6 69. Re5 Rc6 70. Kg4 Rb6
71. Rxe6+ Kf7 1-0

[Event "bosnjaci18"]
[Site "Bosnjaci"]
[Date "2018.01.05"]
[Round "4.3"]
[White "Zaja, Ivan"]
[Black "Ascic, Pero"]
[Result "1/2-1/2"]
[WhiteElo "2454"]
[BlackElo "2323"]
[PlyCount "75"]
[EventDate "2018.??.??"]

1. d4 Nf6 2. c4 d6 3. Nc3 Nbd7 4. g3 c6 5. Bg2 e5 6. Nf3 Be7 7. O-O O-O 8. e4
Re8 9. b3 Qc7 10. Bb2 a6 11. Rc1 Bf8 12. Qd2 b6 13. h3 Qb8 14. d5 cxd5 15. cxd5
b5 16. Ne1 b4 17. Na4 a5 18. Nd3 Ba6 19. Rfe1 Bb5 20. f4 Qa7+ 21. Kh2 Qa6 22.
fxe5 dxe5 23. Nac5 Qb6 24. Na4 Qa6 25. Ndc5 Qa7 26. Nd3 Bd6 27. Ba1 Rac8 28.
Nab2 Qa6 29. Nf2 h5 30. Rxc8 Rxc8 31. Rc1 Kf8 32. Bf3 Rxc1 33. Qxc1 Bc5 34.
Nbd1 Be2 35. Kg2 Bf1+ 36. Kh2 Be2 37. Kg2 Bf1+ 38. Kh2 1/2-1/2

[Event "bosnjaci18"]
[Site "Bosnjaci"]
[Date "2018.01.05"]
[Round "4.4"]
[White "Cabarkapa, Novak"]
[Black "Babic, Zvonko"]
[Result "1-0"]
[WhiteElo "2441"]
[BlackElo "2221"]
[PlyCount "79"]
[EventDate "2018.??.??"]

1. b3 e5 2. Bb2 d6 3. e3 Nf6 4. d4 exd4 5. Qxd4 Nc6 6. Bb5 Bd7 7. Bxc6 bxc6 8.
Nf3 Qb8 9. Nbd2 Qb6 10. Qd3 Be7 11. O-O-O Qb5 12. c4 Qa6 13. Kb1 Nd5 14. Qf1
Nf6 15. e4 O-O 16. Ka1 c5 17. e5 dxe5 18. Nxe5 Bf5 19. g4 Bxg4 20. Nxg4 Nxg4
21. Rg1 f5 22. h3 Nf6 23. Qd3 Rad8 24. Qxf5 Ne8 25. Qg4 Bf6 26. Ne4 Bxb2+ 27.
Kxb2 Rxd1 28. Qxd1 Nf6 29. Nxc5 Qc6 30. Qd4 Re8 31. Rg3 Re2+ 32. Ka3 Qd6 33.
Qxd6 cxd6 34. Nb7 Rd2 35. Re3 Kf7 36. Kb4 Nd7 37. a4 Kf6 38. Kb5 Rb2 39. Nxd6
Nb6 40. a5 1-0

[Event "bosnjaci18"]
[Site "Bosnjaci"]
[Date "2018.01.05"]
[Round "4.5"]
[White "Tica, Sven"]
[Black "Karabaic, Ivan"]
[Result "1-0"]
[WhiteElo "2441"]
[BlackElo "2182"]
[PlyCount "37"]
[EventDate "2018.??.??"]

1. d4 Nf6 2. Nf3 e6 3. g3 d5 4. c4 c5 5. cxd5 Nxd5 6. Bg2 Nc6 7. O-O Bd7 8. e4
Nf6 9. d5 Na5 10. Nc3 Qb6 11. Ne5 Be7 12. Be3 O-O 13. Qd3 Qc7 14. Nxd7 Qxd7 15.
Rad1 exd5 16. e5 Ne8 17. Nxd5 Nc6 18. Qb3 Qc8 19. Nxe7+ 1-0

[Event "bosnjaci18"]
[Site "Bosnjaci"]
[Date "2018.01.05"]
[Round "4.6"]
[White "Goric, Esad"]
[Black "Klasan, Vladimir"]
[Result "1/2-1/2"]
[WhiteElo "2263"]
[BlackElo "2389"]
[PlyCount "35"]
[EventDate "2018.??.??"]

1. Nf3 c5 2. b3 d5 3. Bb2 Nc6 4. e3 a6 5. Be2 Nf6 6. O-O e6 7. d4 cxd4 8. Nxd4
Bd6 9. c4 O-O 10. cxd5 exd5 11. Nc3 Qe7 12. Rc1 Rd8 13. Na4 Nxd4 14. Bxd4 Ba3
15. Bc5 Bxc5 16. Nxc5 Be6 17. Qd4 Rac8 18. Rfd1 1/2-1/2

[Event "bosnjaci18"]
[Site "Bosnjaci"]
[Date "2018.01.05"]
[Round "4.7"]
[White "Muha, Miljenko"]
[Black "Ascic, Anto"]
[Result "1-0"]
[WhiteElo "2371"]
[BlackElo "2122"]
[PlyCount "79"]
[EventDate "2018.??.??"]

1. d4 Nf6 2. Nf3 e6 3. Bg5 h6 4. Bh4 c5 5. c3 cxd4 6. cxd4 Qa5+ 7. Nbd2 Nc6 8.
e3 g5 9. Bg3 g4 10. Ne5 d5 11. Bd3 Bb4 12. a3 Bxd2+ 13. Qxd2 Qxd2+ 14. Kxd2 h5
15. Rac1 Bd7 16. f3 h4 17. Nxd7 Nxd7 18. Bd6 Rg8 19. b4 Nb6 20. Bf4 a6 21. fxg4
Rxg4 22. g3 h3 23. Bc7 Na4 24. Bf1 Rg7 25. Bxh3 Kd7 26. Bf4 f6 27. e4 Nb6 28.
Rc5 Ke7 29. Bxe6 Kxe6 30. exd5+ Kd7 31. dxc6+ bxc6 32. Rhc1 Rc8 33. a4 Nd5 34.
b5 axb5 35. axb5 Nxf4 36. bxc6+ Kd6 37. gxf4 Rg2+ 38. Kd3 Rxh2 39. c7 Rh3+ 40.
Ke4 1-0

[Event "bosnjaci18"]
[Site "Bosnjaci"]
[Date "2018.01.05"]
[Round "4.8"]
[White "Mrkonjic, Nenad"]
[Black "Boban, Sten"]
[Result "1-0"]
[WhiteElo "2345"]
[BlackElo "2083"]
[PlyCount "69"]
[EventDate "2018.??.??"]

1. c4 Nf6 2. Nc3 c6 3. d4 d5 4. Nf3 dxc4 5. a4 Bf5 6. e3 e6 7. Bxc4 Bb4 8. O-O
Nbd7 9. Bd2 O-O 10. h3 Re8 11. Qe2 a5 12. Nh4 Be4 13. Nxe4 Nxe4 14. Bxb4 axb4
15. Nf3 Ra5 16. Qc2 Nef6 17. Rfc1 Qa8 18. Bb3 Qa7 19. Qd2 c5 20. Rab1 b5 21.
axb5 Rxb5 22. Ne5 cxd4 23. Nxd7 Nxd7 24. exd4 Nf6 25. Rc4 Nd5 26. Rbc1 Rbb8 27.
Rc5 Qb7 28. Bxd5 exd5 29. Rc7 Qa6 30. R1c6 Rb6 31. Rc5 Qa1+ 32. Rc1 Qa4 33. Qg5
Qb3 34. Qe7 Rf8 35. Rc8 1-0

[Event "bosnjaci18"]
[Site "Bosnjaci"]
[Date "2018.01.05"]
[Round "4.9"]
[White "Nikic, Patrick"]
[Black "Popovic, Milan S"]
[Result "0-1"]
[WhiteElo "1989"]
[BlackElo "2264"]
[PlyCount "138"]
[EventDate "2018.??.??"]

1. e4 c5 2. Nf3 d6 3. d4 cxd4 4. Nxd4 Nf6 5. Nc3 a6 6. Be3 e5 7. Nb3 Be6 8. f4
Be7 9. f5 Bc8 10. Qf3 b5 11. O-O-O Bb7 12. g4 b4 13. Nd5 Nxd5 14. exd5 Nd7 15.
Bg2 Rc8 16. Qe2 Bg5 17. Nd4 h6 18. Kb1 Bxe3 19. Qxe3 Qb6 20. Rhe1 Kf8 21. Nc6
Qxe3 22. Rxe3 Nf6 23. h3 Nxd5 24. Bxd5 Bxc6 25. Bxc6 Rxc6 26. Rb3 Ke7 27. Rxb4
Rhc8 28. Rb7+ R8c7 29. Rxc7+ Rxc7 30. c3 h5 31. gxh5 Rc4 32. Rd5 Rc6 33. Kc2
Kf6 34. b4 Kxf5 35. a4 Ke4 36. Rd1 f5 37. Re1+ Kf4 38. Rf1+ Kg5 39. Rg1+ Kxh5
40. Rxg7 Kh4 41. b5 axb5 42. axb5 Rc5 43. b6 Kxh3 44. b7 Rb5 45. Kd3 Rb1 46.
Kc4 f4 47. Kd5 f3 48. Kxd6 e4 49. Kc7 f2 50. Rf7 Kg2 51. Rg7+ Kf3 52. b8=Q Rxb8
53. Kxb8 e3 54. Rf7+ Ke4 55. c4 Kd4 56. Rf4+ Kc5 57. Rf3 Kxc4 58. Rxe3 f1=Q 59.
Re6 Kd5 60. Rb6 Kc5 61. Rb7 Qf8+ 62. Ka7 Qf2 63. Kb8 Kc6 64. Rc7+ Kb6 65. Rb7+
Ka6 66. Rd7 Qf4+ 67. Kc8 Kb6 68. Rd6+ Kc5 69. Rd7 Kc6 0-1